<?xml version="1.0" encoding="UTF-8"?>
<record
    xmlns:xsi="http://www.w3.org/2001/XMLSchema-instance"
    xsi:schemaLocation="http://www.loc.gov/MARC21/slim http://www.loc.gov/standards/marcxml/schema/MARC21slim.xsd"
    xmlns="http://www.loc.gov/MARC21/slim">

  <leader>00897nam a22001697a 4500</leader>
  <controlfield tag="005">20260309113133.0</controlfield>
  <datafield tag="010" ind1=" " ind2=" ">
    <subfield code="a">BACHN26</subfield>
  </datafield>
  <datafield tag="020" ind1=" " ind2=" ">
    <subfield code="c">350.00</subfield>
    <subfield code="a">9788199647824</subfield>
  </datafield>
  <datafield tag="037" ind1=" " ind2=" ">
    <subfield code="b">&#x905;&#x915;&#x94D;&#x937;&#x930;&#x947;&#x936;</subfield>
  </datafield>
  <datafield tag="082" ind1=" " ind2=" ">
    <subfield code="2">1</subfield>
  </datafield>
  <datafield tag="245" ind1=" " ind2=" ">
    <subfield code="a">2026 &#x915;&#x947; &#x938;&#x941;&#x930;&#x94D;&#x935;&#x94B;&#x924;&#x92E; &#x92A;&#x94D;&#x930;&#x93E;&#x938;&#x902;&#x917;&#x93F;&#x915; &#x935;&#x93F;&#x937;&#x92F;&#x94B;&#x902; &#x915;&#x93E; &#x935;&#x93F;&#x936;&#x94D;&#x932;&#x947;&#x937;&#x923; &#x915;&#x94D;&#x930;&#x949;&#x928;&#x93F;&#x915;&#x932; &#x907;&#x92F;&#x930; &#x92C;&#x941;&#x915;/</subfield>
    <subfield code="c">&#x90F;&#x928;.&#x90F;&#x928;. &#x913;&#x91D;&#x93E; &#x926;&#x94D;&#x935;&#x93E;&#x930;&#x93E; &#x938;&#x902;&#x92A;&#x93E;&#x926;&#x93F;&#x924;</subfield>
    <subfield code="b"> </subfield>
  </datafield>
  <datafield tag="260" ind1=" " ind2=" ">
    <subfield code="a">&#x928;&#x908; &#x926;&#x93F;&#x932;&#x94D;&#x932;&#x940;</subfield>
    <subfield code="b">&#x915;&#x94D;&#x930;&#x949;&#x928;&#x93F;&#x915;&#x932; &#x92C;&#x941;&#x915;&#x94D;&#x938;</subfield>
    <subfield code="c">2026</subfield>
  </datafield>
  <datafield tag="270" ind1=" " ind2=" ">
    <subfield code="a">&#x92C;&#x940;-7 &#x90F;&#x915;&#x94D;&#x938;./114 &#x90F;,&#x938;&#x92B;&#x926;&#x930;&#x91C;&#x902;&#x917; &#x90F;&#x928;&#x94D;&#x915;&#x94D;&#x932;&#x947;&#x935;,</subfield>
    <subfield code="b">&#x928;&#x908; &#x926;&#x93F;&#x932;&#x94D;&#x932;&#x940;</subfield>
    <subfield code="e">110029</subfield>
    <subfield code="m">circulation@chroniclepubs.com</subfield>
  </datafield>
  <datafield tag="300" ind1=" " ind2=" ">
    <subfield code="a">472 &#x92A;&#x943;</subfield>
    <subfield code="c">23&#x938;&#x947;&#x92E;&#x940;(&#x905;&#x91C;&#x93F;&#x932;&#x94D;&#x926;)</subfield>
  </datafield>
  <datafield tag="700" ind1=" " ind2=" ">
    <subfield code="a">&#x913;&#x91D;&#x93E;, &#x90F;&#x928;.&#x90F;&#x928;.</subfield>
    <subfield code="9">42400</subfield>
    <subfield code="e">&#x938;&#x902;&#x92A;&#x93E;&#x926;&#x915; </subfield>
  </datafield>
  <datafield tag="942" ind1=" " ind2=" ">
    <subfield code="2">ddc</subfield>
    <subfield code="c">HN</subfield>
    <subfield code="m">&#x907;&#x92F;&#x930;</subfield>
    <subfield code="h">000</subfield>
  </datafield>
  <datafield tag="999" ind1=" " ind2=" ">
    <subfield code="c">215410</subfield>
    <subfield code="d">215410</subfield>
  </datafield>
</record>
